[Event "GER-chT Seniors 26th"]
[Site "Templin"]
[Date "2017.09.29"]
[Round "5.4"]
[White "Heinich, Manfred"]
[Black "Sawinsky, Ralf"]
[Result "1-0"]
[WhiteElo "1978"]
[BlackElo "1956"]
[PlyCount "57"]
[EventDate "2017.09.25"]
[EventType "team-swiss"]
[EventRounds "7"]
[EventCountry "GER"]
[SourceTitle "EXT 2019"]
[Source "ChessBase"]
[SourceDate "2018.10.10"]
[SourceVersion "1"]
[SourceVersionDate "2018.10.10"]
[SourceQuality "1"]
[WhiteTeam "Blindenschachbund"]
[BlackTeam "Brandenburg II"]
[WhiteTeamCountry "GER"]
[BlackTeamCountry "GER"]

1. d4 Nf6 2. c4 e6 3. Nf3 d5 4. Nc3 Bb4 5. cxd5 exd5 6. Bg5 h6 7. Bh4 c6 8. e3 Bg4 9. Be2 Nbd7 10. 0-0 0-0 11. Qb3 Bxc3 12. bxc3 Qc8 13. h3 Bh5 14. g4 Bg6 15. c4 dxc4 16. Bxc4 Be4 17. Nd2 Bd5 18. Bxd5 Nxd5 19. Bg3 Re8 20. Nc4 Re6 21. Nd6 Qd8 22. Qxb7 N5b6 23. Qxc6 Nb8 24. Qc5 Na6 25. Qa3 Nb8 26. Rac1 Qe7 27. Rc3 Nd5 28. Rb3 Nb6 29. Rxb6 1-0

[Event "GER-chT Seniors 26th"]
[Site "Templin"]
[Date "2017.09.27"]
[Round "3.3"]
[White "Schowalter, Gerd"]
[Black "Heinich, Manfred"]
[Result "1/2-1/2"]
[WhiteElo "1946"]
[BlackElo "1978"]
[PlyCount "51"]
[EventDate "2017.09.25"]
[EventType "team-swiss"]
[EventRounds "7"]
[EventCountry "GER"]
[SourceTitle "EXT 2019"]
[Source "ChessBase"]
[SourceDate "2018.10.10"]
[SourceVersion "1"]
[SourceVersionDate "2018.10.10"]
[SourceQuality "1"]
[WhiteTeam "Rheinland Pfalz II"]
[BlackTeam "Blindenschachbund"]
[WhiteTeamCountry "GER"]
[BlackTeamCountry "GER"]

1. e4 c5 2. c4 Nc6 3. Nc3 g6 4. g3 Bg7 5. Bg2 e6 6. Nge2 Nge7 7. 0-0 0-0 8. d3 d6 9. Rb1 b6 10. a3 Bb7 11. Bf4 Qd7 12. Nb5 e5 13. Bg5 a6 14. Nbc3 Nd4 15. Nxd4 cxd4 16. Ne2 f6 17. Bd2 f5 18. Bh3 Qc6 19. f3 Kh8 20. Qb3 Rab8 21. Bg2 Bc8 22. f4 Qc7 23. Rf2 Be6 24. Qa4 Bd7 25. Qd1 b5 26. cxb5 1/2-1/2

[Event "GER-chT Seniors 25th"]
[Site "Magdeburg"]
[Date "2016.10.12"]
[Round "4.3"]
[White "Krueger, Gerhard"]
[Black "Heinich, Manfred"]
[Result "1/2-1/2"]
[WhiteElo "1977"]
[BlackElo "1948"]
[PlyCount "21"]
[EventDate "2016.10.09"]
[EventType "team-swiss"]
[EventRounds "7"]
[EventCountry "GER"]
[SourceTitle "EXT 2019"]
[Source "ChessBase"]
[SourceDate "2018.10.10"]
[SourceVersion "1"]
[SourceVersionDate "2018.10.10"]
[SourceQuality "1"]
[WhiteTeam "Mecklenburg Vorpommern II"]
[BlackTeam "Deutscher Blindenschachbund"]
[WhiteTeamCountry "GER"]
[BlackTeamCountry "GER"]

1. e4 c5 2. Nf3 Nc6 3. c4 Nf6 4. Nc3 e6 5. d4 cxd4 6. Nxd4 Bb4 7. f3 0-0 8. Nxc6 bxc6 9. Bd2 d5 10. e5 Nd7 11. f4 1/2-1/2

[Event "GER-chT Seniors 24th"]
[Site "Berlin"]
[Date "2015.09.11"]
[Round "6.3"]
[White "Knaak, Joachim"]
[Black "Heinich, Manfred"]
[Result "1/2-1/2"]
[WhiteElo "2105"]
[BlackElo "1974"]
[PlyCount "50"]
[EventDate "2015.09.06"]
[EventType "team-swiss"]
[EventRounds "7"]
[EventCountry "GER"]
[SourceTitle "EXT 2018"]
[Source "ChessBase"]
[SourceDate "2017.10.13"]
[SourceVersion "1"]
[SourceVersionDate "2017.10.13"]
[SourceQuality "1"]

1. d4 Nf6 2. c4 c5 3. d5 b5 4. cxb5 a6 5. bxa6 g6 6. Nc3 Bxa6 7. Nf3 Bg7 8. g3 d6 9. Bg2 Nbd7 10. 0-0 0-0 11. Rb1 Qa5 12. Qc2 Nb6 13. Rd1 Nfd7 14. a3 Nc4 15. b4 Nxa3 16. Bxa3 Qxa3 17. Rb3 cxb4 18. Rxa3 bxa3 19. Nd4 Bc4 20. Nc6 Nc5 21. Ra1 Nb3 22. Ra2 Nd4 23. Nxd4 Bxd4 24. Nd1 Bxa2 25. Qxa2 Rfc8 1/2-1/2

[Event "GER-chT Seniors 24th"]
[Site "Berlin"]
[Date "2015.09.08"]
[Round "3.3"]
[White "Heinich, Manfred"]
[Black "Pruesse, Horst"]
[Result "0-1"]
[WhiteElo "1974"]
[BlackElo "2037"]
[PlyCount "92"]
[EventDate "2015.09.06"]
[EventType "team-swiss"]
[EventRounds "7"]
[EventCountry "GER"]
[SourceTitle "EXT 2018"]
[Source "ChessBase"]
[SourceDate "2017.10.13"]
[SourceVersion "1"]
[SourceVersionDate "2017.10.13"]
[SourceQuality "1"]

1. d4 Nf6 2. c4 e6 3. Nf3 c5 4. d5 b5 5. Bg5 bxc4 6. Nc3 h6 7. Bxf6 Qxf6 8. e4 e5 9. Bxc4 d6 10. Qd3 Be7 11. 0-0 0-0 12. Rab1 Qg6 13. Kh1 Kh8 14. b4 cxb4 15. Rxb4 Nd7 16. Na4 Nf6 17. Re1 Nh5 18. Qe3 f5 19. exf5 Bxf5 20. Nc3 Nf4 21. Bf1 Bg4 22. Rb7 Bxf3 23. Qxf3 Bg5 24. Qe4 Qxe4 25. Nxe4 Nxd5 26. Rd1 Nf6 27. Nxg5 hxg5 28. Rxd6 Rfb8 29. Rxb8+ Rxb8 30. Rd2 Ne4 31. Rc2 Rb1 32. Kg1 Rd1 33. f3 Nd2 34. Kf2 Nxf1 35. Ke2 Ra1 36. Kf2 Nxh2 37. Re2 Nf1 38. Rxe5 g4 39. Re1 Rxe1 40. Kxe1 gxf3 41. Kxf1 fxg2+ 42. Kxg2 Kh7 43. Kh3 Kg6 44. Kg4 Kf6 45. Kf4 a5 46. Kg4 Ke5 0-1

[Event "GER-chT Seniors 24th"]
[Site "Berlin"]
[Date "2015.09.06"]
[Round "1.3"]
[White "Heinich, Manfred"]
[Black "Horn, Peter"]
[Result "1/2-1/2"]
[WhiteElo "1974"]
[BlackElo "2110"]
[PlyCount "39"]
[EventDate "2015.09.06"]
[EventType "team-swiss"]
[EventRounds "7"]
[EventCountry "GER"]
[SourceTitle "EXT 2018"]
[Source "ChessBase"]
[SourceDate "2017.10.13"]
[SourceVersion "1"]
[SourceVersionDate "2017.10.13"]
[SourceQuality "1"]
[WhiteTeam "Sachsen Anhalt II"]
[BlackTeam "Berlin II"]
[WhiteTeamCountry "GER"]
[BlackTeamCountry "GER"]

1. d4 Nf6 2. c4 c5 3. d5 b5 4. cxb5 a6 5. bxa6 g6 6. Nc3 Bxa6 7. Nf3 Bg7 8. e4 Bxf1 9. Kxf1 d6 10. g3 0-0 11. Kg2 Nbd7 12. Qe2 Qa5 13. a4 Rfb8 14. Ra3 Rb7 15. Re1 Ne8 16. Nb5 Nc7 17. Bd2 Qb6 18. Nxc7 Rxc7 19. Bc3 Bxc3 20. bxc3 1/2-1/2

[Event "Bad Woerishofen op 31st"]
[Site "Bad Woerishofen"]
[Date "2015.03.02"]
[Round "5"]
[White "Lochte, Szilvia"]
[Black "Heinich, Manfred"]
[Result "1/2-1/2"]
[WhiteElo "1918"]
[BlackElo "1976"]
[PlyCount "32"]
[EventDate "2015.02.27"]
[EventType "swiss"]
[EventRounds "9"]
[EventCountry "GER"]
[SourceTitle "CBM 165 Extra"]
[Source "ChessBase"]
[SourceDate "2015.04.21"]
[SourceVersion "1"]
[SourceVersionDate "2015.04.21"]
[SourceQuality "1"]

1. d4 Nf6 2. Nf3 c5 3. d5 d6 4. Nc3 g6 5. e4 Bg7 6. Be2 0-0 7. 0-0 e6 8. Bg5 h6 9. Bh4 g5 10. Bg3 exd5 11. exd5 Nh5 12. Re1 Nxg3 13. hxg3 Bf5 14. Bd3 Bxd3 15. Qxd3 Nd7 16. Nd1 Ne5 1/2-1/2

[Event "IBCA Wch blind 13th"]
[Site "Katerini"]
[Date "2014.05.14"]
[Round "9"]
[White "Gungor, Gokhan R"]
[Black "Heinich, Manfred"]
[Result "1/2-1/2"]
[WhiteElo "1707"]
[BlackElo "2009"]
[PlyCount "40"]
[EventDate "2014.05.05"]
[EventType "swiss"]
[EventRounds "9"]
[EventCountry "GRE"]
[SourceTitle "CBM 160 Extra"]
[Source "ChessBase"]
[SourceDate "2014.07.01"]
[SourceVersion "1"]
[SourceVersionDate "2014.07.01"]
[SourceQuality "1"]

1. e4 c5 2. Nf3 Nc6 3. d4 cxd4 4. Nxd4 Nf6 5. Nc3 e5 6. Ndb5 d6 7. Bg5 a6 8. Na3 b5 9. Nd5 Be7 10. Bxf6 Bxf6 11. c3 Bg5 12. Nc2 Rb8 13. Be2 0-0 14. 0-0 a5 15. b3 Be6 16. Nce3 g6 17. Qd3 f5 18. Rad1 Qd7 19. Bf3 Kh8 20. Kh1 f4 1/2-1/2

[Event "IBCA Wch blind 13th"]
[Site "Katerini"]
[Date "2014.05.11"]
[Round "6"]
[White "Heinich, Manfred"]
[Black "Boer, Jan"]
[Result "1/2-1/2"]
[WhiteElo "2009"]
[BlackElo "1714"]
[PlyCount "24"]
[EventDate "2014.05.05"]
[EventType "swiss"]
[EventRounds "9"]
[EventCountry "GRE"]
[SourceTitle "CBM 160 Extra"]
[Source "ChessBase"]
[SourceDate "2014.07.01"]
[SourceVersion "1"]
[SourceVersionDate "2014.07.01"]
[SourceQuality "1"]

1. d4 d5 2. c4 c6 3. Nf3 Nf6 4. Nc3 e6 5. Bg5 Nbd7 6. e3 Bb4 7. Bd3 dxc4 8. Bxc4 Qa5 9. 0-0 Bxc3 10. bxc3 Ne4 11. Bf4 Qxc3 12. Rc1 Qa5 1/2-1/2

[Event "GER-chT Seniors 21st"]
[Site "Berlin"]
[Date "2012.09.14"]
[Round "5.47"]
[White "Swoboda, Peter"]
[Black "Heinich, Manfred"]
[Result "0-1"]
[WhiteElo "1863"]
[BlackElo "1948"]
[PlyCount "30"]
[EventDate "2012.09.10"]
[EventType "team-swiss"]
[EventRounds "7"]
[EventCountry "GER"]
[SourceTitle "CBM 150 Extra"]
[Source "ChessBase"]
[SourceDate "2012.10.19"]
[SourceVersion "1"]
[SourceVersionDate "2012.10.19"]
[SourceQuality "1"]
[WhiteTeam "Sachsen Anhalt Seniors II"]
[BlackTeam "DBSB Seniors"]
[WhiteTeamCountry "GER"]
[BlackTeamCountry "GER"]

1. d4 Nf6 2. Nf3 c5 3. e3 g6 4. Bd3 Bg7 5. 0-0 d6 6. c4 0-0 7. b3 e5 8. Qc2 Nc6 9. a3 Re8 10. Nc3 exd4 11. exd4 Bg4 12. Ne2 Bxf3 13. gxf3 Nh5 14. Be3 cxd4 15. Nxd4 Nxd4 0-1

[Event "Bad Woerishofen op 28th"]
[Site "Bad Woerishofen"]
[Date "2012.03.08"]
[Round "7"]
[White "Heinich, Manfred"]
[Black "Weisenburger, Horst"]
[Result "0-1"]
[WhiteElo "2060"]
[BlackElo "2154"]
[PlyCount "58"]
[EventDate "2012.03.02"]
[EventType "swiss"]
[EventRounds "9"]
[EventCountry "GER"]
[SourceTitle "EXT 2019"]
[Source "ChessBase"]
[SourceDate "2018.10.10"]
[SourceVersion "1"]
[SourceVersionDate "2018.10.10"]
[SourceQuality "1"]

1. d4 g6 2. c4 Bg7 3. Nc3 c5 4. d5 Bxc3+ 5. bxc3 f5 6. g3 Nf6 7. Bg2 Qa5 8. Qb3 d6 9. Nh3 Nbd7 10. Nf4 Ne5 11. Nd3 Nfd7 12. h4 Qa6 13. h5 Rg8 14. hxg6 hxg6 15. Bg5 Qxc4 16. Qc2 Nf7 17. Bc1 Nf6 18. Rh4 Ne4 19. Bb2 Bd7 20. a4 g5 21. Rh2 0-0-0 22. a5 Rh8 23. Rxh8 Rxh8 24. f3 Nxg3 25. e3 Bb5 26. Nf2 Ne5 27. f4 Nf3+ 28. Kd1 Qxd5+ 29. Kc1 Ne2+ 0-1

[Event "IBCA EU-ch blind 05th"]
[Site "Rhodes"]
[Date "2011.09.13"]
[Round "7"]
[White "Heinich, Manfred"]
[Black "Krylov, Sergey"]
[Result "1/2-1/2"]
[WhiteElo "2079"]
[BlackElo "2352"]
[PlyCount "60"]
[EventDate "2011.09.06"]
[EventType "swiss"]
[EventRounds "9"]
[EventCountry "GRE"]
[SourceTitle "CBM 144 Extra"]
[Source "ChessBase"]
[SourceDate "2011.10.28"]
[SourceVersion "1"]
[SourceVersionDate "2011.10.28"]
[SourceQuality "1"]

1. d4 Nf6 2. c4 e6 3. Nf3 b6 4. a3 Be7 5. Nc3 d5 6. cxd5 exd5 7. Bg5 0-0 8. e3 c5 9. dxc5 bxc5 10. Bxf6 Bxf6 11. Nxd5 Bxb2 12. Ra2 Be6 13. Rxb2 Bxd5 14. Be2 Qa5+ 15. Rd2 Nc6 16. 0-0 Be4 17. Qc1 Rac8 18. Rfd1 h6 19. h3 Rfe8 20. Rd6 Bxf3 21. Bxf3 Ne5 22. Be2 c4 23. R6d5 Rc5 24. Rxc5 Qxc5 25. Qc3 g5 26. Kh1 Rb8 27. Rc1 Kf8 28. f4 gxf4 29. exf4 Ng6 30. Qxc4 Qxc4 1/2-1/2

[Event "IBCA EU-ch blind 05th"]
[Site "Rhodes"]
[Date "2011.09.11"]
[Round "6"]
[White "Heinich, Manfred"]
[Black "Holmela, Kari"]
[Result "1-0"]
[WhiteElo "2079"]
[BlackElo "1923"]
[PlyCount "28"]
[EventDate "2011.09.06"]
[EventType "swiss"]
[EventRounds "9"]
[EventCountry "GRE"]
[SourceTitle "CBM 144 Extra"]
[Source "ChessBase"]
[SourceDate "2011.10.28"]
[SourceVersion "1"]
[SourceVersionDate "2011.10.28"]
[SourceQuality "1"]

1. d4 Nf6 2. c4 g6 3. Nc3 Bg7 4. e4 d6 5. Nf3 0-0 6. Be2 e5 7. Be3 Nc6 8. d5 Ne7 9. Nd2 Ne8 10. 0-0 f5 11. f3 f4 12. Bf2 g5 13. c5 h5 14. Nc4 Ng6 1-0

[Event "IBCA EU-ch blind 05th"]
[Site "Rhodes"]
[Date "2011.09.10"]
[Round "5"]
[White "Boer, Jan"]
[Black "Heinich, Manfred"]
[Result "0-1"]
[WhiteElo "1731"]
[BlackElo "2079"]
[PlyCount "21"]
[EventDate "2011.09.06"]
[EventType "swiss"]
[EventRounds "9"]
[EventCountry "GRE"]
[SourceTitle "CBM 144 Extra"]
[Source "ChessBase"]
[SourceDate "2011.10.28"]
[SourceVersion "1"]
[SourceVersionDate "2011.10.28"]
[SourceQuality "1"]

1. e4 c5 2. Nf3 Nc6 3. d4 cxd4 4. Nxd4 Nf6 5. Nc3 e5 6. Ndb5 d6 7. Nd5 Nxd5 8. exd5 Nb8 9. c3 Be7 10. Qa4 0-0 11. Bd3 0-1

[Event "IBCA Wch blind 12th"]
[Site "Belgrade"]
[Date "2010.08.29"]
[Round "4.39"]
[White "Janjic, Stefan"]
[Black "Heinich, Manfred"]
[Result "1-0"]
[WhiteElo "1778"]
[BlackElo "2103"]
[PlyCount "59"]
[EventDate "2010.08.26"]
[EventType "swiss"]
[EventRounds "9"]
[EventCountry "SRB"]
[SourceTitle "EXT 2011"]
[Source "ChessBase"]
[SourceDate "2010.11.26"]
[SourceVersion "1"]
[SourceVersionDate "2010.11.26"]
[SourceQuality "1"]

1. d4 Nf6 2. c4 c5 3. d5 b5 4. cxb5 a6 5. bxa6 g6 6. Nc3 Bxa6 7. g3 d6 8. Nf3 Bg7 9. e4 Bxf1 10. Kxf1 Nbd7 11. Kg2 0-0 12. Re1 Ra6 13. a4 Qa8 14. Nb5 Qb7 15. Rb1 Nb6 16. b3 c4 17. Be3 Rc8 18. Bxb6 Qxb6 19. b4 Ng4 20. Nbd4 c3 21. a5 Qa7 22. Re2 Ne5 23. Nxe5 Bxe5 24. Nc6 Raxc6 25. dxc6 Rxc6 26. Qd5 c2 27. Rc1 Qc7 28. Qb3 Rc3 29. Rcxc2 Rxb3 30. Rxc7 1-0

[Event "IBCA EU-ch blind 02nd"]
[Site "Krynica"]
[Date "1999.??.??"]
[Round "2"]
[White "Antonini, Franco"]
[Black "Heinich, Manfred"]
[Result "0-1"]
[WhiteElo "1845"]
[BlackElo "2180"]
[PlyCount "74"]
[EventDate "1999.07.04"]
[EventType "swiss"]
[EventRounds "9"]
[EventCountry "POL"]
[SourceTitle "EXT 2000"]
[Source "ChessBase"]
[SourceDate "1999.11.16"]
[SourceVersion "1"]
[SourceVersionDate "1999.11.16"]
[SourceQuality "1"]

1. e4 c5 2. Nc3 Nc6 3. g3 g6 4. Bg2 Bg7 5. d3 e6 6. f4 d6 7. Nf3 Nge7 8. Ne2 0-0 9. c3 b5 10. 0-0 b4 11. d4 bxc3 12. bxc3 cxd4 13. cxd4 Rb8 14. Ba3 Ba6 15. Re1 Qd7 16. Rc1 Na5 17. e5 Nc4 18. exd6 Nd5 19. Bc5 Nb2 20. Qd2 Nd3 21. Ne5 Bxe5 22. fxe5 Nxc1 23. Rxc1 Bxe2 24. Qxe2 Rb7 25. Bxd5 exd5 26. Rf1 Rfb8 27. Qf3 Rb1 28. a3 Rxf1+ 29. Qxf1 a5 30. h3 h5 31. g4 hxg4 32. h4 g3 33. Kg2 Qg4 34. d7 Rb2+ 35. Kg1 Qxd7 36. Bd6 Qg4 37. Bc5 Qxh4 0-1

[Event "IBCA EU-ch blind 02nd"]
[Site "Krynica"]
[Date "1999.??.??"]
[Round "8"]
[White "Heinich, Manfred"]
[Black "Mikhalev, Alexey"]
[Result "1/2-1/2"]
[WhiteElo "2180"]
[BlackElo "2260"]
[PlyCount "90"]
[EventDate "1999.07.04"]
[EventType "swiss"]
[EventRounds "9"]
[EventCountry "POL"]
[SourceTitle "EXT 2000"]
[Source "ChessBase"]
[SourceDate "1999.11.16"]
[SourceVersion "1"]
[SourceVersionDate "1999.11.16"]
[SourceQuality "1"]

1. d4 Nf6 2. c4 e6 3. Nf3 Bb4+ 4. Nbd2 b6 5. a3 Bxd2+ 6. Bxd2 Bb7 7. Bg5 d6 8. e3 Nbd7 9. Qc2 h6 10. Bh4 Qe7 11. Be2 0-0 12. 0-0 c5 13. b4 Rfe8 14. Qb2 e5 15. bxc5 dxc5 16. d5 g5 17. Bg3 Ne4 18. Nd2 Nxd2 19. Qxd2 f5 20. f3 Rf8 21. Bd3 Rae8 22. Qc2 Qf6 23. Qa4 Qd8 24. Qxa7 Qa8 25. Qxa8 Rxa8 26. a4 Kg7 27. Be1 Kf6 28. Bc3 f4 29. exf4 gxf4 30. g3 fxg3 31. f4 gxh2+ 32. Kxh2 Ke7 33. fxe5 Rxf1 34. Bxf1 Rf8 35. Bg2 Ba6 36. d6+ Ke8 37. Bd5 Rf2+ 38. Kg1 Rc2 39. Rf1 Rxc3 40. Bf7+ Kd8 41. e6 Re3 42. Kf2 Re5 43. e7+ Rxe7 44. dxe7+ Kxe7 45. Bd5 Ne5 1/2-1/2

[Event "IBCA EU-ch blind 02nd"]
[Site "Krynica"]
[Date "1999.??.??"]
[Round "6"]
[White "Heinich, Manfred"]
[Black "Wassin, Sergej"]
[Result "1-0"]
[WhiteElo "2180"]
[BlackElo "2200"]
[PlyCount "71"]
[EventDate "1999.07.04"]
[EventType "swiss"]
[EventRounds "9"]
[EventCountry "POL"]
[SourceTitle "EXT 2000"]
[Source "ChessBase"]
[SourceDate "1999.11.16"]
[SourceVersion "1"]
[SourceVersionDate "1999.11.16"]
[SourceQuality "1"]

1. d4 Nf6 2. c4 c5 3. d5 b5 4. cxb5 a6 5. bxa6 g6 6. Nc3 Bxa6 7. e4 Bxf1 8. Kxf1 d6 9. Nf3 Bg7 10. g3 Nbd7 11. Kg2 0-0 12. Re1 Qb6 13. e5 dxe5 14. Nxe5 Nxe5 15. Rxe5 Qb7 16. Qf3 Rfd8 17. Bg5 Rd7 18. Rae1 h6 19. Bc1 Rad8 20. R5e2 Bf8 21. h4 Nxd5 22. Ne4 Qa7 23. h5 g5 24. Bxg5 hxg5 25. Qf5 Bh6 26. Nxg5 Nf6 27. Nxf7 Qb7+ 28. Kg1 Kxf7 29. Qg6+ Kf8 30. Qxh6+ Kf7 31. Qg6+ Kf8 32. h6 Rd2 33. Qg7+ Ke8 34. Qh8+ Kf7 35. Qg7+ Ke8 36. Rxe7+ 1-0

[Event "IBCA EU-ch blind 02nd"]
[Site "Krynica"]
[Date "1999.??.??"]
[Round "4"]
[White "Heinich, Manfred"]
[Black "Wikman, Bengt Ingemar"]
[Result "1-0"]
[WhiteElo "2180"]
[BlackElo "2010"]
[PlyCount "43"]
[EventDate "1999.07.04"]
[EventType "swiss"]
[EventRounds "9"]
[EventCountry "POL"]
[SourceTitle "EXT 2000"]
[Source "ChessBase"]
[SourceDate "1999.11.16"]
[SourceVersion "1"]
[SourceVersionDate "1999.11.16"]
[SourceQuality "1"]

1. d4 d5 2. Nf3 Nf6 3. c4 c6 4. Nc3 e6 5. e3 Nbd7 6. Bd3 dxc4 7. Bxc4 b5 8. Bd3 a6 9. e4 c5 10. d5 exd5 11. e5 Ng4 12. Nxd5 Ngxe5 13. 0-0 Bd6 14. Re1 0-0 15. Bxh7+ Kh8 16. Nxe5 Kxh7 17. Qh5+ Kg8 18. Nc6 Nf6 19. Qh4 Re8 20. Bg5 Bxh2+ 21. Qxh2 Rxe1+ 22. Rxe1 1-0

[Event "IBCA EU-ch blind 02nd"]
[Site "Krynica"]
[Date "1999.??.??"]
[Round "5"]
[White "Zsiltzova Lisenko, Lubov"]
[Black "Heinich, Manfred"]
[Result "0-1"]
[WhiteElo "2235"]
[BlackElo "2180"]
[PlyCount "63"]
[EventDate "1999.07.04"]
[EventType "swiss"]
[EventRounds "9"]
[EventCountry "POL"]
[SourceTitle "EXT 2000"]
[Source "ChessBase"]
[SourceDate "1999.11.16"]
[SourceVersion "1"]
[SourceVersionDate "1999.11.16"]
[SourceQuality "1"]

1. e4 c5 2. Nf3 e6 3. d4 cxd4 4. Nxd4 Nf6 5. Nc3 Nc6 6. Ndb5 d6 7. Bf4 e5 8. Bg5 a6 9. Bxf6 gxf6 10. Na3 b5 11. Nd5 Bg7 12. c3 f5 13. exf5 Bxf5 14. Nc2 Be6 15. Nce3 0-0 16. g4 b4 17. Qa4 bxc3 18. Qxc6 cxb2 19. Rd1 Rc8 20. Qa4 Rc1 21. Bd3 Rxd1+ 22. Kxd1 Qh4 23. Ke2 f5 24. Nxf5 Bxf5 25. Bxf5 Rxf5 26. Ne7+ Qxe7 27. gxf5 e4 28. Qxa6 h6 29. Qc8+ Kh7 30. Rg1 Qe5 31. Qe6 Qb5+ 32. Kd2 0-1

[Event "SLO-ch blind int"]
[Site "Izola"]
[Date "1997.??.??"]
[Round "?"]
[White "Hevir, Zlatko"]
[Black "Heinich, Manfred"]
[Result "1/2-1/2"]
[WhiteElo "2120"]
[BlackElo "2160"]
[PlyCount "64"]
[EventDate "1997.??.??"]
[EventType "swiss"]
[EventRounds "7"]
[EventCountry "SLO"]
[SourceTitle "EXT 2000"]
[Source "ChessBase"]
[SourceDate "1999.11.16"]
[SourceVersion "1"]
[SourceVersionDate "1999.11.16"]
[SourceQuality "1"]

1. d4 Nf6 2. e3 g6 3. Bd3 d5 4. Nd2 Bg7 5. f4 Bf5 6. Ngf3 0-0 7. 0-0 c5 8. dxc5 Nbd7 9. Bxf5 gxf5 10. Nd4 e6 11. c6 bxc6 12. Nxc6 Qb6 13. Nd4 Rfc8 14. N2f3 Ne4 15. c3 Ndc5 16. Nh4 Rab8 17. Rf3 Qa6 18. Rh3 Na4 19. Nhxf5 exf5 20. Nxf5 Nxb2 21. Qg4 Qf6 22. Bxb2 Kh8 23. Nd4 Rc7 24. Qh5 Qg6 25. Qxd5 Rcb7 26. Nb3 Rb5 27. Qc4 Nd2 28. Nxd2 Rxb2 29. f5 Qxf5 30. Rf3 Qc2 31. Rf2 Qxc3 32. Rc1 Qxe3 1/2-1/2

[Event "Bad Woerishofen op 11th"]
[Site "Bad Woerishofen"]
[Date "1995.??.??"]
[Round "7"]
[White "Goy, Udo"]
[Black "Heinich, Manfred"]
[Result "1-0"]
[WhiteElo "2210"]
[BlackElo "1920"]
[PlyCount "73"]
[EventDate "1995.03.10"]
[EventType "swiss"]
[EventRounds "9"]
[EventCountry "GER"]
[SourceTitle "CBM 047 Extra"]
[Source "ChessBase"]
[SourceDate "1995.09.01"]
[SourceVersion "1"]
[SourceVersionDate "1995.09.01"]
[SourceQuality "1"]

1. d4 Nf6 2. Nf3 c5 3. d5 b5 4. a4 Bb7 5. axb5 Bxd5 6. Bg5 e6 7. Nbd2 Be7 8. e3 0-0 9. Bd3 Bb7 10. 0-0 d5 11. c4 a6 12. cxd5 h6 13. Bxf6 Bxf6 14. Ne4 Bxd5 15. Nxf6+ Qxf6 16. e4 Bb7 17. Qb3 a5 18. Rfc1 Nd7 19. Qc3 Qf4 20. Re1 Rfd8 21. Rxa5 Nf6 22. Rxa8 Bxa8 23. Qe5 Qg4 24. h3 Qg6 25. Bb1 Rc8 26. Nh4 Qg5 27. Qxg5 hxg5 28. Nf3 g4 29. hxg4 Nxg4 30. Bc2 Nf6 31. Ne5 Kf8 32. f3 Ke7 33. Ra1 Ne8 34. Nc4 Bb7 35. Ra7 Rb8 36. Na5 Nd6 37. Nc6+ 1-0